Responses for show #6510 - Friday, December 28, 2012

Contestants

[<< previous game]

Sandip Amin, a finance manager originally from Madison, Illinois

Paula Menasche, a high school social studies teacher from Coral Gables, Florida

Nichole Mancone, a college registrar from Providence, Rhode Island (whose 1-day cash winnings total $21,100)

[next game >>]

Jeopardy! Round responses

HOLIDAYS & OBSERVANCES
LETTERS, WE GET LETTERS
SELF-HELP BOOKS
ACTORS & THEIR ROLES
TRANS "PO" TATION
U.S. CITIES
    $200 16
Easter

Sandip
    $200 21
P

Paula
    $200 26
Happy

Sandip
    $200 1
Angelina Jolie

Paula
    $200 11
a police car

Sandip
    $200 7
Cincinnati

Nichole
    $400 17
(Paula: What is Memorial Day?)

Veterans Day

PaulaSandip
    $400 22
(Sandip: What is H?)
...
(Alex: [Laughing] You counted, didn't you?)

K

NicholeSandip
    $400 27
The Road Less Travelled

Triple Stumper
    $400 2
Johnny Depp

Sandip
    $400 12
the Pony Express

Sandip
    $400 3
Tampa

Nichole
    $600 18
Hanukkah

Nichole
    $600 23
M

Triple Stumper
    $600 28
(Paula: What are Men Are from Mars, Women Are from Venus?)

He's Just Not That Into You

NicholePaula
    $600 4
Cate Blanchett

Nichole
    $600 13
Pontiac

Nichole
    $600 8
(Sandip: What is Pittsburgh?)

Cleveland

NicholeSandip
    $2,000 19
Columbus Day

Nichole
    $800 24
X

Nichole
    $800 29
(Nichole: Who is Jack Hansen?)

Jack Canfield

Nichole
Triple Stumper
    $800 5
Tom Cruise

Nichole
    $800 14
portage

Triple Stumper
    $800 9
Tulsa

Paula
    $1000 20
Wyoming

Paula
    $1000 25
(Alex: [*], like in "hedge".)

D

Nichole
    $1000 30
(Eckhart) Tolle

Nichole
    $1000 6
Katherine Heigl

Nichole
    $1000 15
a pontoon

Nichole
    $1000 10
Syracuse

Triple Stumper

Scores at the first commercial break (after clue 15):

Nichole Paula Sandip
$5,200 $1,000 $400

Scores at the end of the Jeopardy! Round:

Nichole Paula Sandip
$10,800 $1,200 $800

Double Jeopardy! Round responses

I LOVE "L.A."
ITALIAN HISTORY
SOUND THE TRUMPET
WHAT DEGREE DID THEY GET?
VAN GOGH
(Alex: One of his most famous...)
STARRY NIGHT
    $400 7
the Liberal Arts

Sandip
    $400 18
Louis Armstrong

Nichole
    $400 13
a medical degree

Nichole
    $400 1
(Alex: That's his brother's name.)

Theo

Paula
    $400 22
Pegasus

Sandip
    $800 6
lactic acid

Sandip
    $800 19
Wynton Marsalis

Paula
    $800 14
(Sandip: What is finance?)

an MBA

NicholeSandip
    $800 2
irises

Paula
    $800 23
a red dwarf

Paula
    $1200 8
the Legal Aid Society

Triple Stumper
    $1200 20
Miles Davis

Nichole
    $1200 15
a J.D.

Nichole
    $1200 3
(Nichole: Who is Monet?)

Paul Gauguin

Nichole
Triple Stumper
    $1,000 24
(Alex: We have about a minute to go, Paula.)

Orion

Paula
    $1600 11
a lesser ape

Paula
    $3,600 9
(Sandip: What is the Rubicon?)
(Alex: No, Horatio at [*].)

the Tiber

Sandip
    $1600 21
Dizzy Gillespie

Sandip
    $1600 16
(Sandip: What is astronomy?)

Bachelor of Sciences

Sandip
Triple Stumper
    $1600 4
foxglove

Sandip
    $1600 25
a variable

Nichole
    $2000 12
(Alex: I wondered who that was. That was not one of our Clue Crew people.)

Life Alert

Paula
    $2000 10
Genoa

Triple Stumper
    $2000 27
[The end-of-round signal sounds.]

Al Hirt

Triple Stumper
    $2000 17
an MFA (Master of Fine Arts)

Nichole
    $2000 5
(Alex: And the title of that painting was [*].)

The Potato Eaters

Triple Stumper
    $2000 26
Cygnus the Swan

Triple Stumper

Scores at the end of the Double Jeopardy! Round:

Nichole Paula Sandip
$17,200 $8,600 -$400
(lock-tie game)

[wagering suggestions for these scores]

Final Jeopardy! Round responses

AMERICAN AUTHORS
PaulaWho was Mark Twain ??
$8,600
NicholeWho is Thoreau
$5,000
Mark Twain

Final scores:

Nichole Paula Sandip
$12,200 $17,200 -$400
2nd place: $2,000 New champion: $17,200 3rd place: $1,000

Game dynamics:

Coryat scores:

Nichole Paula Sandip
$16,000 $8,800 $3,200
22 R
(including 1 DD),
2 W
11 R
(including 1 DD),
2 W
11 R,
5 W
(including 1 DD)

Combined Coryat: $28,000

The J! Archive is created by fans, for fans. The Jeopardy! game show and all elements thereof, including but not limited to copyright and trademark thereto, are the property of Jeopardy Productions, Inc. and are protected under law. This website is not affiliated with, sponsored by, or operated by Jeopardy Productions, Inc. Join the discussion at JBoard.tv.